Producer price index manual theory and practice

Saved in:
Bibliographic Details
Corporate Authors: International Labour Organization, International Monetary Fund, OECD Publishing, United Nations. Economic Commission for Europe, <The> World Bank
Format: Book
Language:English
Published: Washington, D.C. IMF 2004
Subjects:
Tags: Add Tag
No Tags, Be the first to tag this record!

MARC

LEADER 00000nam$a2200000$$$4500
001 0024513
005 20240313133424.3
020 |a 1-58906-304-X 
041 0 |a eng 
044 |a US 
245 1 0 |a Producer price index manual  |b theory and practice 
264 1 |a Washington, D.C.  |b IMF  |c 2004 
300 |a 656 s. 
610 2 0 |a indexy cenové 
610 2 0 |a výrobcovia 
610 2 0 |a metodológia 
610 2 0 |a ceny 
610 2 0 |a ceny veľkoobchodné 
610 2 0 |a ceny výrobcov 
710 2 |a International Labour Organization 
710 2 |a International Monetary Fund 
710 2 |a OECD Publishing 
710 2 |a United Nations. Economic Commission for Europe 
710 2 |a <The> World Bank